000 02481cam a2200505Ii 4500
001 on1055914549
003 OCoLC
005 20200320220508.0
008 181008s2019 nyua j 001 0 eng d
019 _a1055913381
020 _a1978506716
020 _a9781978506718
020 _a9781978506442
_q(library binding)
020 _a1978506449
_q(library binding)
035 _a(OCoLC)1055914549
_z(OCoLC)1055913381
040 _aYDX
_beng
_cYDX
_dBDX
_dOCLCQ
_dZHI
_dWACOL
049 _aWACL
082 0 4 _a612
_223
092 _a612
_bHib
100 1 _aHibbert, Clare,
_d1970-
_eauthor.
_95700491
245 1 4 _aThe human body /
_cClare Hibbert.
264 1 _aNew York :
_bEnslow Publishing,
_c2019.
300 _a32 pages :
_bcolor illustrations ;
_c29 cm.
336 _atext
336 _astill image
337 _aunmediated
338 _avolume
490 1 _aScience explorers
500 _aIncludes glossary and index.
505 0 _aIntroduction -- Amazing body -- Inside the brain -- Bone and muscle -- Nervous system -- Skin and hair -- Digestive system -- Heart, blood, and lungs -- Making babies -- Fighting disease -- Body repairs -- Fun facts -- Your questions answered.
520 _a"Let's learn all about the human body, from head to toe. As we peel back each layer of skin, we'll find out about the complex systems that allow our bodies to walk, talk, and think. The brain, heart, lungs, stomach, bones, and reproductive system are all covered in this comprehensive anatomical title, but that's not all. Readers will also study how our bodies work to protect us under threat, illness, and injury and, moreover, how we're able to heal and recover when we do get sick or hurt." --Page 4 of cover.
521 _ajunior nonfiction
_bapple books
650 0 _aHuman body
_vJuvenile literature.
_95711214
650 0 _aHuman anatomy
_vJuvenile literature.
_95711215
650 0 _aHuman physiology
_vJuvenile literature.
_95687225
800 1 _aHibbert, Clare,
_d1970-
_tScience explorers.
_96002286
938 _aBrodart
_bBROD
_n123467683
938 _aBrodart
_bBROD
_n123467675
938 _aYBP Library Services
_bYANK
_n15741596
938 _aYBP Library Services
_bYANK
_n15741580
942 _cBOOK
_03
948 _a04/22/2019
_zSirsi
994 _aC0
_bWACOL
996 _a165403
_b34301001590068
_cJNF
_dbk
_ewcl
_fo
_g3
_h18.95
_lapple books
_m612 Hib
_p04/23/2019
_q01/28/2020
_r02/22/2020
999 _c319231
_d319230